Club de football français par blason (logo) - aléatoire - Statistiques

Statistiques générales
  • Ce quiz a été pris 77 596 fois
    76 389 depuis la dernière actualisation
  • Le résultat moyen est 10 sur 16
Statistiques - réponses
Par images Réponse % Correct
Olympique de Marseille
98%
Olympique lyonnais
98%
Paris Saint-Germain
98%
AS Monaco
97%
FC Nantes
96%
LOSC Lille
96%
AS Saint-Étienne
95%
Paris FC
95%
Stade rennais
95%
OGC Nice
94%
RC Lens
94%
Toulouse FC
93%
AJ Auxerre
91%
FC Lorient
91%
FC Metz
91%
Girondins de Bordeaux
91%
Montpellier HSC
91%
RC Strasbourg
91%
Stade brestois 29
91%
Stade de Reims
91%
AC Ajaccio
90%
Angers SCO
89%
SC Bastia
89%
Clermont Foot 63
86%
Le Havre AC
86%
ESTAC Troyes
85%
Stade Malherbe Caen
84%
Red Star FC
82%
Dijon FCO
77%
FC Sochaux-Montbéliard
75%
Nîmes Olympique
75%
En Avant Guingamp
72%
Rodez AF
69%
Valenciennes FC
66%
Amiens SC
65%
AS Nancy-Lorraine
65%
Stade Lavallois
65%
FC Annecy
64%
Le Mans FC
64%
Grenoble Foot 38
63%
Chamois Niortais AC
60%
USL Dunkerque
59%
FC Versailles
54%
LB Châteauroux
52%
US Orléans
52%
Tours FC
50%
Pau FC
47%
US Quevilly-Rouen
46%
US Boulogne
45%
US Concarneau
44%
CS Sedan Ardennes
43%
FC Martigues
43%
FC Rouen 1899
35%
FC Chambly Oise
33%
AS Cannes
32%
US Avranches MSM
32%
Racing Club de France
27%
Les Herbiers Football
25%
Istres FC
24%
FC Sète 34
23%
SO Cholet
20%
SC Toulon
19%
FC Villefranche Beaujolais
16%
Vannes OC
16%
FC Gueugnon
11%
SAS Épinal
11%
Olympique Alès
10%
Angoulême Charente FC
8%
FC Libourne
8%
Marignane GCB FC
8%
Racing Besançon
8%
AS Beauvais
7%
FC Mulhouse
7%
Aucun quiz correspondant
Distribution des résultats
% des personnes avec chaque résultat
Percentile par nombre de réponses
Votre historique - résultats
Vous n’avez pas pris ce quiz depuis la dernière actualisation